000 01609cam a2200385 4500
003 PE-LiUPU
005 20250731183426.0
020 _a848340074X
035 _a(Sirsi) i9788483400746
035 _a(Sirsi) 14966
035 _a(Sirsi) 14966
041 _aes
044 _acl
082 0 4 _a730.7
_bM79
100 1 _aMorales Montt, Olga
245 1 0 _aArtes plásticas; sugerencias metodológicas /
_cOlga Morales Mont.
264 1 _aSantiago de Chile :
_bEditorial Universitaria,
_c1986
300 _a159 páginas :
_bilustraciones ;
_c19 cm.
490 0 _aColección El Sembrador
504 _aIncluye bibliografía
505 0 _aDefinición de conceptos -- Principios y objetivos generales de la asignatura de artes plásticas -- Evolución del desarrollo de la experiencia estética de la infancia a la adolescencia -- Desarrollo de la capacidad de apreciación -- Evaluación de artes plásticas -- Desarrollo de algunas unidades de los programas vigentes -- El papel de la comunidad en la educación artística.
526 _aP158
526 _aP146
526 _aP17
526 _aP12
526 _aP06
650 1 4 _aArtes
_xEstudio y docencia.
700 1 _aRiquelme Riquelme, Aura
942 _2ddc
_cBOOK
949 _a730.7 M79
_i33204
_lCCODEBUL1
_mBUL
_tLIBRO
_o.STAFF. Circulación
859 _q33204
_h730.7
_iM79
910 _aaj-em
596 _a1
999 _a730.7 M79
_wDEWEY
_c51165
_i33204
_f2021-11-5
_g7
_lCCODEBUL1
_mBUL
_r0
_sY
_tBOOK
_u2015-6-16
_xBIBLIOTECA
_zUNKNOWN
_0COMPRA
_o.STAFF. Colección General
_d51165
980 _81
_gALBERTO SANCHEZ Responsable de Automatización